TERRORISM and homeland security perspectives, thoughts, and opinions
Guardat en:
| Autor principal: | |
|---|---|
| Format: | Llibre |
| Idioma: | anglès |
| Publicat: |
CRC Press
2011
|
| Etiquetes: |
Afegir etiqueta
Sense etiquetes, Sigues el primer a etiquetar aquest registre!
|
MARC
| LEADER | 00000nam a22000007a 4500 | ||
|---|---|---|---|
| 008 | 210607b ||||| |||| 00| 0 eng d | ||
| 020 | |a 978-1-4200-9306-3 | ||
| 100 | |a edited by JUNE, Dale L. | ||
| 245 | |a TERRORISM and homeland security |b perspectives, thoughts, and opinions |c edited by Dale L. June. |g xxxviii, 355p; ill. | ||
| 250 | |c edited by JUNE, Dale L. | ||
| 260 | |b CRC Press |c 2011 |h Boca Raton, FL |i 679223 |i 679224 |l KF9430 .T27 |m Terrorism – United States – Prevention |m National security – United States. | ||
| 500 | |a “It includes index” | ||
| 942 | |a lcc |c BK |e YUNUSA, A.A. |f 07/06/21 | ||
| 952 | |0 0 |1 0 |2 lcc |4 0 |6 KF9430 T27 |7 0 |9 2538 |a HOL |b SSL |c GJ |d 2021-06-07 |l 0 |o KF9430 .T27 |r 2021-06-07 00:00:00 |w 2021-06-07 |y BK | ||
| 952 | |0 0 |1 0 |2 lcc |4 0 |6 KF9430 T27 |7 0 |9 2539 |a HOL |b HOL |c GJ |d 2021-06-07 |l 0 |o KF9430 .T27 |p 2021-6390 |r 2021-06-07 00:00:00 |w 2021-06-07 |y BK | ||
| 999 | |c 1320 |d 1320 | ||